How To Think Like a Programmer: Program Design Solutions for the Bewildered

Salvato in:
Dettagli Bibliografici
Autore principale: Vickers, Paul (Autore)
Natura: Libro
Lingua:inglese
Pubblicazione: Londýn : Course Technology, 2009
Tags: Aggiungi Tag
Nessun Tag, puoi essere il primo ad aggiungerne!!

MARC

LEADER 00000nam a22000003a 4500
001 stu197427
005 20150617230034.9
008 091218s2009----uk------------------eng-d
020 |a 978-1-84480-903-5 
040 |a STU  |b slo 
041 0 |a eng 
044 |a uk 
100 1 |a Vickers, Paul  |4 aut 
245 1 |a How To Think Like a Programmer: Program Design Solutions for the Bewildered 
260 |a Londýn :  |b Course Technology,  |c 2009 
300 |a 611 s 
996 |b 284IK06259  |c I*21TP6130  |l II680  |s A  |a 24  |w stu197427_0001